Burlington VT City Trivia - Statistics

General Stats
  • This quiz has been taken 57 times
  • The average score is 9 of 15
Answer Stats
Clue Answer % Correct
Popular ice cream brand created in Burlington Ben & Jerry's
92%
This Jewish man became mayor of Burlington in 1981 and later senator of Vermont Bernie Sanders
92%
Burlington sits on this big lake between New York and Vermont Lake Champlain
88%
Driving 2 hours north from Burlington would take you to this major Canadian city Montreal
88%
Most populous suburbs of Burlington South Burlington
69%
Name for the varsity sports teams of the University of Vermont (hint: Vermont big cat) Vermont {Catamounts}
69%
Most populous suburbs of Burlington Essex
65%
Park on a steep hill that was a former military camp; has the same name as a parkin Lower Manhattan {Battery} Park
54%
County Burlington is in Chittenden
42%
Most populous suburbs of Burlington Colchester
42%
River that empties into that lake in Burlington Winooski River
42%
Four-block long brick marketplace with many shops and restaurants {Church} Street
38%
Outdoor history museum south of Burlington that has the Ticonderoga Steamboat {Shelburne} Museum
38%
This project was abandoned for decades, originally called the Southern Connector Champlain {Parkway}
15%
Rail trail that follows the Burlington Greenway {Island} Line Trail
12%
No matching quizzes found
Score Distribution
Percent of People with Each Score
Percentile by Number Answered
Your Score History
You have not taken this quiz